Vývoj priemerných miezd a produktivity práce v rezorte pôdohospodárstva v roku 1999

Bibliographic Details
Format: Article
Language:Slovak
Subjects:

MARC

LEADER 00000nab a2200000 a 4500
001 vtls000722051
003 SK-MaSNL
005 20260304002746.0
008 180206c2000 xo 0 slo
015 |a SNBRB2000/05-12468 
035 |a CLN000074218 
040 |a SNKBUCL  |b slo  |c SNKBUCL  |e AACR2 
041 0 |a slo 
044 |a xo  |c SK 
080 |a 63(437.6):331  |2 UDC-MRF-SK2 
080 |a 331.2(437.6)  |2 UDC-MRF-SK2 
080 |a 331.024.35(437.6)  |2 UDC-MRF-SK2 
245 0 0 |a Vývoj priemerných miezd a produktivity práce v rezorte pôdohospodárstva v roku 1999 
650 0 7 |a pôdohospodárstvo  |2 snkbucl  |9 19449 
650 0 7 |a priemerné mzdy  |2 snkbucl  |9 73744 
650 0 7 |a produktivita práce  |x pôdohospodárstvo  |2 snkbucl  |9 1280618 
655 7 |a články z novín a časopisov  |2 snkbucl  |9 267496 
773 0 |t Roľnícke noviny  |g Č. 77 (19.4.2000) 
773 0 |t [Príl.] Beseda  |g Roč. 7, s. 4 
850 |a Slovenská národná knižnica v Martine 
852 |a SNK  |b KIS3GCP 
958 |a RBX 
999 |c 2543513  |d 2545443